000
00436nam a22001817a 4500
040
_a
ISFD N° 12
082
_a
840.3
_b
CAM
100
_a
Camus Albert
240
_a
El extranjero
245
_a
El Extranjero
260
_a
Buenos Aires
_b
Emecé
_c
2000
300
_a
155p.
650
_a
Narrativa-Literatura
942
_2
ddc
_c
LIB
999
_c
7006
_d
7006